| 000 | 00812nam a2200169 a 4500 | ||
|---|---|---|---|
| 008 | 120416nuuuuuuuu||||||||||||||||| || u | ||
| 050 | _aGB 121 Mit | ||
| 100 | _aMittleman, Earl N | ||
| 245 | 1 | 3 | _aAn outline of American geography |
| 250 | _arev. ed. | ||
| 260 |
_aWashington, D. C. _bICA _cn.d. |
||
| 300 | _a132p. : ill. | ||
| 350 | _a0.00 | ||
| 995 |
_D0.00 _FCBU-MAIN LIBRARY (Kitwe) _H1 _I5.00 _UAVAILABLE _ZMain Library Open Access Collection |
||
| 995 |
_D0.00 _FCBU-MAIN LIBRARY (Kitwe) _H3 _I5.00 _UAVAILABLE _ZMain Library Open Access Collection |
||
| 995 |
_D0.00 _FCBU-MAIN LIBRARY (Kitwe) _H2 _I5.00 _UAVAILABLE _ZMain Library Open Access Collection |
||
| 999 |
_c81711 _d81711 |
||